Jesus, our man in glory / (Record no. 9714)
[ view plain ]
| 000 -LEADER | |
|---|---|
| fixed length control field | 00769nam a2200241 4500 |
| 001 - CONTROL NUMBER | |
| control field | 18017830 |
| 003 - CONTROL NUMBER IDENTIFIER | |
| control field | GBCCL |
| 005 - DATE AND TIME OF LATEST TRANSACTION | |
| control field | 20241126110717.0 |
| 008 - FIXED-LENGTH DATA ELEMENTS--GENERAL INFORMATION | |
| fixed length control field | 00026401987 pau 000 0 eng |
| 010 ## - | |
| -- | 87070163 |
| 040 ## - CATALOGING SOURCE | |
| Original cataloging agency | DLC |
| Transcribing agency | DLC |
| Modifying agency | ATH |
| 050 0# - | |
| -- | BS2775.4 |
| -- | .T69 1987 |
| 082 ## - DEWEY DECIMAL CLASSIFICATION NUMBER | |
| Classification number | 252 |
| Item number | TOZ |
| 100 1# - MAIN ENTRY--PERSONAL NAME | |
| Personal name | Tozer, A. W. |
| Fuller form of name | (Aiden Wilson), |
| Dates associated with a name | 1897-1963. |
| 9 (RLIN) | 1497 |
| 245 10 - TITLE STATEMENT | |
| Title | Jesus, our man in glory / |
| Statement of responsibility, etc. | A.W. Tozer ; compiled and edited by Gerald B. Smith. |
| 260 ## - PUBLICATION, DISTRIBUTION, ETC. | |
| Place of publication, distribution, etc. | Camp Hill, Pa. : |
| Name of publisher, distributor, etc. | Christian Publications, |
| Date of publication, distribution, etc. | c1987. |
| 300 ## - PHYSICAL DESCRIPTION | |
| Extent | 136 p. ; |
| Dimensions | 21 cm. |
| 610 20 - SUBJECT ADDED ENTRY--CORPORATE NAME | |
| Corporate name or jurisdiction name as entry element | Christian and Missionary Alliance |
| General subdivision | Sermons. |
| 9 (RLIN) | 2783 |
| 630 00 - SUBJECT ADDED ENTRY--UNIFORM TITLE | |
| Uniform title | Bible. |
| Name of part/section of a work | Hebrews |
| General subdivision | Sermons. |
| 9 (RLIN) | 2784 |
| 650 #0 - SUBJECT ADDED ENTRY--TOPICAL TERM | |
| Topical term or geographic name entry element | Sermons, American. |
| 9 (RLIN) | 270 |
| 700 1# - ADDED ENTRY--PERSONAL NAME | |
| Personal name | Smith, Gerald B. |
| 9 (RLIN) | 2785 |
| 942 ## - ADDED ENTRY ELEMENTS (KOHA) | |
| Source of classification or shelving scheme | Dewey Decimal Classification |
| Koha item type | Books |
| Koha issues (borrowed), all copies | 1 |
| Withdrawn status | Lost status | Source of classification or shelving scheme | Damaged status | Not for loan | Home library | Current Library | Shelving location | Date acquired | Total checkouts | Full call number | Barcode | Date last seen | Date last checked out | Copy number | Price effective from | Koha item type |
|---|---|---|---|---|---|---|---|---|---|---|---|---|---|---|---|---|
| Dewey Decimal Classification | GRACE BIBLE COLLEGE | GRACE BIBLE COLLEGE | Ministry & Mission | 2023-06-26 | 1 | 252 TOZ | 020410 | 2025-05-01 | 2024-08-19 | c.1 | 2023-06-26 | Books |